000 00409pab a2200157 454500
008 180718b2011 xxu||||| |||| 00| 0 eng d
100 _aStephenson, Karen
245 _aFrom Tiananmen to Tahrir: Knowing one's place in the 21st century
260 _c2011
300 _ap.281-291.
362 _aOct-Dec
650 _aProtest Movements
773 _aOrganizational Dynamics
908 _aN
909 _a94247
999 _c94247
_d94247